[Event "DEM U10 2021"]
[Site "Willingen GER"]
[Date "2021.08.26"]
[Round "7"]
[White "Peglau, Paul David"]
[Black "Rodriguez Klasen, Ennio"]
[Result "1/2-1/2"]
[Termination "normal"]
[Board "11"]
[WhiteElo "1365"]
[BlackElo "1341"]
[WhiteClock "00:06:00"]
[BlackClock "00:01:21"]
[PlyCount "162"]
[WhiteFideId "16290550"]
[BlackFideId "16277414"]
[EventCountry "GER"]
[EventRounds "11"]
[EventType "swiss"]
[EventDate "2021.08.22"]

1. d4 {[%clk 01:15:44]} {[%emt 00:00:16]} g6 {[%clk 01:15:51]} {[%emt
00:00:09]} 2. e4 {[%clk 01:15:28]} {[%emt 00:00:46]} Bg7 {[%clk 01:16:14]}
{[%emt 00:00:07]} 3. c4 {[%clk 01:15:10]} {[%emt 00:00:49]} c5 {[%clk
01:14:49]} {[%emt 00:01:55]} 4. d5 {[%clk 01:13:54]} {[%emt 00:01:46]} d6
{[%clk 01:13:59]} {[%emt 00:01:20]} 5. Bd3 {[%clk 01:09:36]} {[%emt 00:04:48]}
Nf6 {[%clk 01:13:33]} {[%emt 00:00:55]} 6. Nc3 {[%clk 01:09:16]} {[%emt
00:00:51]} O-O {[%clk 01:13:08]} {[%emt 00:00:54]} 7. f4 {[%clk 01:07:32]}
{[%emt 00:02:14]} Bg4 {[%clk 01:12:25]} {[%emt 00:01:12]} 8. Nf3 {[%clk
01:05:26]} {[%emt 00:02:37]} Bxf3 {[%clk 01:10:03]} {[%emt 00:02:52]} 9. Qxf3
{[%clk 01:03:27]} {[%emt 00:02:30]} Nbd7 {[%clk 01:06:25]} {[%emt 00:04:06]}
10. O-O {[%clk 01:02:11]} {[%emt 00:01:47]} Qc8 {[%clk 00:57:53]} {[%emt
00:09:02]} 11. Be3 {[%clk 00:59:54]} {[%emt 00:02:48]} Rb8 {[%clk 00:54:44]}
{[%emt 00:03:39]} 12. Rae1 {[%clk 00:55:58]} {[%emt 00:04:25]} a6 {[%clk
00:53:15]} {[%emt 00:02:00]} 13. a4 {[%clk 00:54:33]} {[%emt 00:01:56]} Qc7
{[%clk 00:52:21]} {[%emt 00:01:23]} 14. b3 {[%clk 00:54:02]} {[%emt 00:01:01]}
Rbe8 {[%clk 00:44:36]} {[%emt 00:08:15]} 15. Re2 {[%clk 00:47:30]} {[%emt
00:07:02]} e6 {[%clk 00:29:40]} {[%emt 00:15:25]} 16. Bd2 {[%clk 00:44:12]}
{[%emt 00:03:49]} exd5 {[%clk 00:28:41]} {[%emt 00:01:28]} 17. Nxd5 {[%clk
00:43:49]} {[%emt 00:00:54]} Nxd5 {[%clk 00:28:45]} {[%emt 00:00:26]} 18. cxd5
{[%clk 00:43:13]} {[%emt 00:01:05]} a5 {[%clk 00:24:35]} {[%emt 00:04:40]} 19.
Bb5 {[%clk 00:41:06]} {[%emt 00:02:37]} Re7 {[%clk 00:22:23]} {[%emt 00:02:43]}
20. Bc3 {[%clk 00:39:44]} {[%emt 00:01:51]} Nb6 {[%clk 00:20:55]} {[%emt
00:01:59]} 21. Bxa5 {[%clk 00:36:41]} {[%emt 00:03:33]} Ra8 {[%clk 00:17:09]}
{[%emt 00:04:14]} 22. Bc3 {[%clk 00:31:14]} {[%emt 00:05:58]} Rc8 {[%clk
00:11:44]} {[%emt 00:05:56]} 23. Bxg7 {[%clk 00:30:57]} {[%emt 00:00:47]} Kxg7
{[%clk 00:12:08]} {[%emt 00:00:06]} 24. Qc3+ {[%clk 00:30:18]} {[%emt
00:01:08]} Kg8 {[%clk 00:12:23]} {[%emt 00:00:15]} 25. Rf3 {[%clk 00:26:33]}
{[%emt 00:04:15]} c4 {[%clk 00:12:17]} {[%emt 00:00:37]} 26. Ree3 {[%clk
00:21:31]} {[%emt 00:05:31]} cxb3 {[%clk 00:11:00]} {[%emt 00:01:47]} 27. Qxb3
{[%clk 00:20:57]} {[%emt 00:01:04]} Qc1+ {[%clk 00:09:25]} {[%emt 00:02:03]}
28. Bf1 {[%clk 00:19:37]} {[%emt 00:01:51]} Qc5 {[%clk 00:08:36]} {[%emt
00:01:19]} 29. Kh1 {[%clk 00:15:49]} {[%emt 00:04:19]} Qa5 {[%clk 00:08:00]}
{[%emt 00:01:06]} 30. Qb5 {[%clk 00:12:01]} {[%emt 00:04:18]} Rc5 {[%clk
00:07:44]} {[%emt 00:00:45]} 31. Qxa5 {[%clk 00:11:30]} {[%emt 00:01:02]} Rxa5
{[%clk 00:08:08]} {[%emt 00:00:06]} 32. Bb5 {[%clk 00:08:45]} {[%emt 00:03:15]}
Nxa4 {[%clk 00:07:51]} {[%emt 00:00:46]} 33. Bd3 {[%clk 00:07:48]} {[%emt
00:01:27]} Nc5 {[%clk 00:07:42]} {[%emt 00:00:39]} 34. Kg1 {[%clk 00:05:26]}
{[%emt 00:02:53]} Nxd3 {[%clk 00:07:36]} {[%emt 00:00:36]} 35. Rxd3 {[%clk
00:05:52]} {[%emt 00:00:03]} Rxe4 {[%clk 00:07:50]} {[%emt 00:00:16]} 36. g3
{[%clk 00:05:31]} {[%emt 00:00:52]} Raa4 {[%clk 00:06:43]} {[%emt 00:01:37]}
37. Rc3 {[%clk 00:04:20]} {[%emt 00:01:41]} Rec4 {[%clk 00:04:49]} {[%emt
00:02:24]} 38. Rxc4 {[%clk 00:04:07]} {[%emt 00:00:43]} Rxc4 {[%clk 00:05:10]}
{[%emt 00:00:09]} 39. Rb3 {[%clk 00:04:15]} {[%emt 00:00:21]} Rc5 {[%clk
00:04:57]} {[%emt 00:00:44]} 40. Rxb7 {[%clk 00:04:09]} {[%emt 00:00:36]} Rxd5
{[%clk 00:05:12]} {[%emt 00:00:15]} 41. Kf1 {[%clk 00:03:41]} {[%emt 00:00:57]}
h5 {[%clk 00:00:34]} {[%emt 00:05:08]} 42. Ke2 {[%clk 00:03:19]} {[%emt
00:00:53]} Kg7 {[%clk 00:14:43]} {[%emt 00:01:21]} 43. h3 {[%clk 00:16:34]}
{[%emt 00:02:15]} Ra5 {[%clk 00:09:40]} {[%emt 00:05:33]} 44. Rb3 {[%clk
00:15:46]} {[%emt 00:01:18]} Kf6 {[%clk 00:09:07]} {[%emt 00:01:00]} 45. Ke3
{[%clk 00:15:10]} {[%emt 00:01:09]} Ra6 {[%clk 00:08:40]} {[%emt 00:00:57]} 46.
Kd4 {[%clk 00:14:26]} {[%emt 00:01:14]} Ra5 {[%clk 00:08:02]} {[%emt 00:01:08]}
47. Rc3 {[%clk 00:10:31]} {[%emt 00:04:24]} Ke6 {[%clk 00:07:26]} {[%emt
00:01:06]} 48. Re3+ {[%clk 00:10:45]} {[%emt 00:00:17]} Kd7 {[%clk 00:07:39]}
{[%emt 00:00:17]} 49. Rc3 {[%clk 00:10:29]} {[%emt 00:00:46]} Ra6 {[%clk
00:06:13]} {[%emt 00:01:55]} 50. Kd5 {[%clk 00:09:21]} {[%emt 00:01:38]} Ra4
{[%clk 00:05:34]} {[%emt 00:01:10]} 51. Rb3 {[%clk 00:08:40]} {[%emt 00:01:11]}
Ra5+ {[%clk 00:05:18]} {[%emt 00:00:46]} 52. Kd4 {[%clk 00:09:00]} {[%emt
00:00:10]} Kc6 {[%clk 00:04:34]} {[%emt 00:01:14]} 53. Rc3+ {[%clk 00:07:48]}
{[%emt 00:01:41]} Rc5 {[%clk 00:04:18]} {[%emt 00:00:46]} 54. Ra3 {[%clk
00:07:32]} {[%emt 00:00:46]} Rb5 {[%clk 00:03:14]} {[%emt 00:01:34]} 55. Rc3+
{[%clk 00:07:20]} {[%emt 00:00:43]} Kd7 {[%clk 00:03:10]} {[%emt 00:00:34]} 56.
Re3 {[%clk 00:07:15]} {[%emt 00:00:34]} h4 {[%clk 00:02:49]} {[%emt 00:00:51]}
57. g4 {[%clk 00:03:52]} {[%emt 00:03:54]} Rb4+ {[%clk 00:03:00]} {[%emt
00:00:18]} 58. Kd5 {[%clk 00:04:16]} {[%emt 00:00:06]} Rxf4 {[%clk 00:02:36]}
{[%emt 00:00:53]} 59. Ra3 {[%clk 00:04:24]} {[%emt 00:00:23]} Rf6 {[%clk
00:02:10]} {[%emt 00:00:56]} 60. Ra7+ {[%clk 00:04:34]} {[%emt 00:00:20]} Ke8
{[%clk 00:01:54]} {[%emt 00:00:46]} 61. Ra8+ {[%clk 00:04:51]} {[%emt
00:00:13]} Ke7 {[%clk 00:02:02]} {[%emt 00:00:22]} 62. Ra7+ {[%clk 00:05:11]}
{[%emt 00:00:10]} Kf8 {[%clk 00:02:09]} {[%emt 00:00:24]} 63. Ra8+ {[%clk
00:05:25]} {[%emt 00:00:15]} Kg7 {[%clk 00:02:10]} {[%emt 00:00:28]} 64. Ke4
{[%clk 00:04:59]} {[%emt 00:04:09]} Re6+ {[%clk 00:01:53]} {[%emt 00:00:48]}
65. Kd4 {[%clk 00:04:54]} {[%emt 00:00:34]} Kf6 {[%clk 00:01:37]} {[%emt
00:00:46]} 66. Rf8 {[%clk 00:04:03]} {[%emt 00:01:22]} Kg7 {[%clk 00:01:32]}
{[%emt 00:00:35]} 67. Rd8 {[%clk 00:04:15]} {[%emt 00:00:18]} Rf6 {[%clk
00:01:13]} {[%emt 00:00:49]} 68. Ke4 {[%clk 00:04:32]} {[%emt 00:00:13]} g5
{[%clk 00:01:19]} {[%emt 00:00:24]} 69. Rc8 {[%clk 00:04:17]} {[%emt 00:00:45]}
Rf4+ {[%clk 00:01:16]} {[%emt 00:00:33]} 70. Ke3 {[%clk 00:04:28]} {[%emt
00:00:18]} d5 {[%clk 00:01:14]} {[%emt 00:00:32]} 71. Rd8 {[%clk 00:04:41]}
{[%emt 00:00:18]} d4+ {[%clk 00:01:05]} {[%emt 00:00:39]} 72. Rxd4 {[%clk
00:04:53]} {[%emt 00:00:17]} Rxd4 {[%clk 00:01:30]} {[%emt 00:00:05]} 73. Kxd4
{[%clk 00:05:14]} {[%emt 00:00:09]} Kf6 {[%clk 00:01:46]} {[%emt 00:00:15]} 74.
Kd3 {[%clk 00:04:41]} {[%emt 00:01:03]} Ke5 {[%clk 00:01:57]} {[%emt 00:00:19]}
75. Ke3 {[%clk 00:05:04]} {[%emt 00:00:07]} f6 {[%clk 00:02:17]} {[%emt
00:00:09]} 76. Kf3 {[%clk 00:05:12]} {[%emt 00:00:22]} Kd4 {[%clk 00:02:31]}
{[%emt 00:00:16]} 77. Kf2 {[%clk 00:05:23]} {[%emt 00:00:19]} Ke4 {[%clk
00:01:30]} {[%emt 00:01:32]} 78. Ke2 {[%clk 00:05:44]} {[%emt 00:00:09]} f5
{[%clk 00:00:54]} {[%emt 00:01:06]} 79. gxf5 {[%clk 00:05:56]} {[%emt
00:00:17]} Kxf5 {[%clk 00:01:18]} {[%emt 00:00:06]} 80. Kf3 {[%clk 00:05:51]}
{[%emt 00:00:35]} Ke6 {[%clk 00:01:07]} {[%emt 00:00:41]} 81. Kg4 {[%clk
00:06:00]} {[%emt 00:00:21]} Kf6 {[%clk 00:01:21]} {[%emt 00:00:16]} 1/2-1/2

[Event "DEM U10 2021"]
[Site "Willingen GER"]
[Date "2021.08.26"]
[Round "7"]
[White "Junge, Mattheo Gabriel"]
[Black "Radeke, Timothy"]
[Result "0-1"]
[Termination "normal"]
[Board "12"]
[WhiteElo "1451"]
[BlackElo "1169"]
[WhiteClock "01:22:55"]
[BlackClock "01:18:59"]
[PlyCount "58"]
[WhiteFideId "34605908"]
[BlackFideId "16289412"]
[EventCountry "GER"]
[EventRounds "11"]
[EventType "swiss"]
[EventDate "2021.08.22"]

1. e4 {[%clk 01:15:57]} {[%emt 00:00:02]} e5 {[%clk 01:15:50]} {[%emt
00:00:10]} 2. Nf3 {[%clk 01:16:19]} {[%emt 00:00:08]} Nc6 {[%clk 01:16:03]}
{[%emt 00:00:16]} 3. Bc4 {[%clk 01:16:42]} {[%emt 00:00:08]} Bc5 {[%clk
01:16:14]} {[%emt 00:00:18]} 4. c3 {[%clk 01:17:02]} {[%emt 00:00:11]} Nf6
{[%clk 01:15:55]} {[%emt 00:00:50]} 5. d4 {[%clk 01:17:17]} {[%emt 00:00:15]}
exd4 {[%clk 01:16:17]} {[%emt 00:00:07]} 6. O-O {[%clk 01:17:38]} {[%emt
00:00:08]} Nxe4 {[%clk 01:16:38]} {[%emt 00:00:09]} 7. cxd4 {[%clk 01:17:59]}
{[%emt 00:00:08]} d5 {[%clk 01:16:11]} {[%emt 00:00:58]} 8. dxc5 {[%clk
01:18:23]} {[%emt 00:00:07]} dxc4 {[%clk 01:16:31]} {[%emt 00:00:10]} 9. Qe2
{[%clk 01:18:39]} {[%emt 00:00:14]} Qd3 {[%clk 01:16:55]} {[%emt 00:00:06]} 10.
Re1 {[%clk 01:18:53]} {[%emt 00:00:16]} f5 {[%clk 01:17:19]} {[%emt 00:00:06]}
11. Nbd2 {[%clk 01:19:17]} {[%emt 00:00:06]} O-O {[%clk 01:16:05]} {[%emt
00:01:43]} 12. Nxe4 {[%clk 01:19:13]} {[%emt 00:00:35]} fxe4 {[%clk 01:16:23]}
{[%emt 00:00:12]} 13. Qxe4 {[%clk 01:19:30]} {[%emt 00:00:12]} Bf5 {[%emt
00:00:45]} 14. Bg5 {[%clk 01:18:48]} {[%emt 00:00:37]} Bxe4 {[%clk 01:17:04]}
{[%emt 00:00:10]} 15. Rad1 {[%clk 01:19:06]} {[%emt 00:00:12]} Rxf3 {[%clk
01:16:03]} {[%emt 00:01:31]} 16. Rxd3 {[%clk 01:19:19]} {[%emt 00:00:17]} Rxd3
{[%clk 01:16:27]} {[%emt 00:00:07]} 17. a3 {[%clk 01:19:31]} {[%emt 00:00:18]}
h6 {[%clk 01:16:03]} {[%emt 00:00:54]} 18. Be3 {[%clk 01:19:56]} {[%emt
00:00:05]} Rad8 {[%clk 01:16:06]} {[%emt 00:00:26]} 19. h3 {[%clk 01:20:14]}
{[%emt 00:00:12]} Rd1 {[%clk 01:16:27]} {[%emt 00:00:09]} 20. Rxd1 {[%clk
01:20:31]} {[%emt 00:00:13]} Rxd1+ {[%clk 01:16:51]} {[%emt 00:00:06]} 21. Kh2
{[%clk 01:20:59]} {[%emt 00:00:01]} Nd4 {[%clk 01:16:48]} {[%emt 00:00:34]} 22.
f3 {[%clk 01:21:14]} {[%emt 00:00:15]} Bc6 {[%clk 01:16:58]} {[%emt 00:00:20]}
23. b4 {[%clk 01:21:33]} {[%emt 00:00:11]} cxb3 {[%clk 01:17:15]} {[%emt
00:00:12]} 24. Bxd4 {[%clk 01:21:00]} {[%emt 00:01:04]} Rxd4 {[%clk 01:17:35]}
{[%emt 00:00:10]} 25. g4 {[%clk 01:21:26]} {[%emt 00:00:03]} b2 {[%clk
01:17:56]} {[%emt 00:00:10]} 26. Kg2 {[%clk 01:21:49]} {[%emt 00:00:07]} b1=Q
{[%clk 01:18:16]} {[%emt 00:00:10]} 27. a4 {[%clk 01:22:08]} {[%emt 00:00:12]}
Rd2+ {[%clk 01:18:37]} {[%emt 00:00:08]} 28. Kg3 {[%clk 01:22:32]} {[%emt
00:00:07]} g5 {[%clk 01:18:59]} {[%emt 00:00:08]} 29. f4 {[%clk 01:22:55]}
{[%emt 00:00:06]} Qg1# {[%emt 00:00:06]} 0-1

[Event "DEM U10 2021"]
[Site "Willingen GER"]
[Date "2021.08.26"]
[Round "7"]
[White "Allen, Phillipp"]
[Black "Teng, David"]
[Result "0-1"]
[Termination "normal"]
[Board "13"]
[WhiteElo "1510"]
[BlackElo "1380"]
[WhiteClock "00:04:21"]
[BlackClock "00:26:49"]
[PlyCount "118"]
[WhiteFideId "16272846"]
[BlackFideId "34604570"]
[EventCountry "GER"]
[EventRounds "11"]
[EventType "swiss"]
[EventDate "2021.08.22"]

1. e4 {[%clk 01:15:57]} {[%emt 00:00:03]} c5 {[%clk 01:15:57]} {[%emt
00:00:05]} 2. c4 {[%clk 01:16:17]} {[%emt 00:00:09]} Nc6 {[%clk 01:16:18]}
{[%emt 00:00:10]} 3. Nf3 {[%clk 01:16:06]} {[%emt 00:00:40]} e5 {[%clk
01:16:40]} {[%emt 00:00:08]} 4. Nc3 {[%clk 01:16:14]} {[%emt 00:00:22]} Nge7
{[%clk 01:16:55]} {[%emt 00:00:14]} 5. g3 {[%clk 01:16:32]} {[%emt 00:00:12]}
g6 {[%clk 01:17:07]} {[%emt 00:00:19]} 6. Bg2 {[%clk 01:16:55]} {[%emt
00:00:07]} Bg7 {[%clk 01:17:31]} {[%emt 00:00:06]} 7. d3 {[%clk 01:17:18]}
{[%emt 00:00:07]} O-O {[%clk 01:17:32]} {[%emt 00:00:28]} 8. h4 {[%clk
01:17:42]} {[%emt 00:00:07]} h5 {[%clk 01:15:56]} {[%emt 00:02:06]} 9. Be3
{[%clk 01:15:35]} {[%emt 00:02:37]} Nd4 {[%clk 01:15:05]} {[%emt 00:01:20]} 10.
Qd2 {[%clk 01:14:08]} {[%emt 00:01:58]} a6 {[%clk 01:13:55]} {[%emt 00:01:41]}
11. Bh6 {[%clk 01:13:48]} {[%emt 00:00:49]} d6 {[%clk 01:12:42]} {[%emt
00:01:42]} 12. Bxg7 {[%clk 01:13:11]} {[%emt 00:01:07]} Kxg7 {[%clk 01:12:56]}
{[%emt 00:00:17]} 13. Nxd4 {[%clk 01:13:19]} {[%emt 00:00:22]} cxd4 {[%clk
01:12:58]} {[%emt 00:00:23]} 14. Ne2 {[%clk 01:12:56]} {[%emt 00:00:57]} Rb8
{[%clk 01:12:17]} {[%emt 00:01:12]} 15. f4 {[%clk 01:10:50]} {[%emt 00:02:35]}
f5 {[%clk 01:10:47]} {[%emt 00:02:00]} 16. c5 {[%clk 00:59:38]} {[%emt
00:11:43]} dxc5 {[%clk 01:09:40]} {[%emt 00:01:37]} 17. fxe5 {[%clk 00:59:49]}
{[%emt 00:00:19]} fxe4 {[%emt 00:00:13]} 18. dxe4 {[%clk 00:57:24]} {[%emt
00:02:49]} Nc6 {[%clk 01:09:33]} {[%emt 00:00:59]} 19. O-O-O {[%clk 00:50:47]}
{[%emt 00:07:07]} Nxe5 {[%clk 01:09:11]} {[%emt 00:00:53]} 20. Qc2 {[%clk
00:50:09]} {[%emt 00:01:07]} Qe7 {[%clk 01:08:34]} {[%emt 00:01:08]} 21. Nf4
{[%clk 00:50:00]} {[%emt 00:00:39]} Bg4 {[%clk 01:07:23]} {[%emt 00:01:40]} 22.
Rdf1 {[%clk 00:49:36]} {[%emt 00:00:54]} b5 {[%clk 01:04:38]} {[%emt 00:03:15]}
23. Bh3 {[%clk 00:48:36]} {[%emt 00:01:30]} Bxh3 {[%clk 01:02:51]} {[%emt
00:02:17]} 24. Rxh3 {[%clk 00:48:54]} {[%emt 00:00:12]} c4 {[%clk 01:01:56]}
{[%emt 00:01:26]} 25. Qd1 {[%clk 00:47:52]} {[%emt 00:01:32]} d3 {[%clk
01:01:42]} {[%emt 00:00:44]} 26. Nd5 {[%clk 00:44:55]} {[%emt 00:04:27]} Qd6
{[%clk 01:01:31]} {[%emt 00:00:29]} 27. Rf4 {[%clk 00:44:47]} {[%emt 00:00:37]}
Ng4 {[%clk 00:58:49]} {[%emt 00:03:13]} 28. Qg1 {[%clk 00:43:33]} {[%emt
00:01:43]} Kh6 {[%clk 00:55:43]} {[%emt 00:03:36]} 29. Rxg4 {[%clk 00:38:15]}
{[%emt 00:05:49]} hxg4 {[%clk 00:52:44]} {[%emt 00:03:29]} 30. Qe3+ {[%clk
00:38:25]} {[%emt 00:00:20]} Kh7 {[%clk 00:50:24]} {[%emt 00:02:50]} 31. Rh1
{[%clk 00:37:03]} {[%emt 00:01:51]} Rbe8 {[%clk 00:48:14]} {[%emt 00:02:41]}
32. h5 {[%clk 00:34:34]} {[%emt 00:03:00]} g5 {[%clk 00:46:18]} {[%emt
00:02:26]} 33. Qa7+ {[%clk 00:34:38]} {[%emt 00:00:26]} Kh6 {[%clk 00:42:25]}
{[%emt 00:04:22]} 34. Re1 {[%clk 00:23:04]} {[%emt 00:12:03]} Rf2 {[%clk
00:37:10]} {[%emt 00:05:46]} 35. Qxf2 {[%clk 00:23:02]} {[%emt 00:00:32]} Rf8
{[%clk 00:36:44]} {[%emt 00:00:55]} 36. Qb6 {[%clk 00:20:27]} {[%emt 00:03:06]}
Qxb6 {[%clk 00:36:00]} {[%emt 00:01:14]} 37. Nxb6 {[%clk 00:20:35]} {[%emt
00:00:22]} Rf2 {[%clk 00:35:35]} {[%emt 00:00:55]} 38. Kb1 {[%clk 00:18:16]}
{[%emt 00:02:49]} Re2 {[%clk 00:34:21]} {[%emt 00:01:44]} 39. Rd1 {[%clk
00:18:10]} {[%emt 00:00:36]} Rxe4 {[%clk 00:34:15]} {[%emt 00:00:36]} 40. a4
{[%clk 00:18:17]} {[%emt 00:00:24]} Kxh5 {[%clk 00:32:42]} {[%emt 00:02:02]}
41. a5 {[%clk 00:17:08]} {[%emt 00:01:39]} Re3 {[%clk 00:32:40]} {[%emt
00:00:31]} 42. Nd5 {[%clk 00:15:33]} {[%emt 00:02:05]} Rxg3 {[%clk 00:30:23]}
{[%emt 00:02:48]} 43. Nc7 {[%clk 00:15:24]} {[%emt 00:00:39]} Re3 {[%clk
00:30:23]} {[%emt 00:00:29]} 44. Nxa6 {[%clk 00:15:46]} {[%emt 00:00:09]} Re7
{[%clk 00:30:14]} {[%emt 00:00:39]} 45. Rh1+ {[%clk 00:15:08]} {[%emt
00:01:08]} Kg6 {[%clk 00:30:37]} {[%emt 00:00:07]} 46. Nb4 {[%clk 00:15:01]}
{[%emt 00:00:36]} Ra7 {[%clk 00:29:46]} {[%emt 00:01:22]} 47. a6 {[%clk
00:15:05]} {[%emt 00:00:26]} Kf5 {[%clk 00:29:26]} {[%emt 00:00:49]} 48. Rf1+
{[%clk 00:11:21]} {[%emt 00:04:14]} Ke4 {[%clk 00:28:24]} {[%emt 00:01:32]} 49.
Kc1 {[%clk 00:10:07]} {[%emt 00:01:44]} g3 {[%clk 00:28:00]} {[%emt 00:00:55]}
50. Rg1 {[%clk 00:05:22]} {[%emt 00:05:15]} Kf3 {[%clk 00:26:56]} {[%emt
00:01:33]} 51. Rf1+ {[%clk 00:04:59]} {[%emt 00:00:53]} Ke2 {[%clk 00:25:50]}
{[%emt 00:01:36]} 52. Rf6 {[%clk 00:04:55]} {[%emt 00:00:34]} d2+ {[%clk
00:25:40]} {[%emt 00:00:41]} 53. Kb1 {[%clk 00:03:54]} {[%emt 00:01:31]} d1=Q+
{[%clk 00:25:48]} {[%emt 00:00:22]} 54. Ka2 {[%clk 00:04:11]} {[%emt 00:00:13]}
Qa4+ {[%clk 00:25:50]} {[%emt 00:00:28]} 55. Kb1 {[%clk 00:04:22]} {[%emt
00:00:18]} Qxb4 {[%clk 00:26:12]} {[%emt 00:00:09]} 56. Re6+ {[%clk 00:04:34]}
{[%emt 00:00:18]} Kd3 {[%clk 00:26:26]} {[%emt 00:00:14]} 57. Ka2 {[%clk
00:04:38]} {[%emt 00:00:28]} Kc2 {[%clk 00:26:08]} {[%emt 00:00:48]} 58. Re2
{[%clk 00:05:00]} {[%emt 00:00:08]} Kc1 {[%clk 00:26:28]} {[%emt 00:00:10]} 59.
b3 {[%clk 00:04:21]} {[%emt 00:01:09]} Qa5# {[%clk 00:26:49]} {[%emt 00:00:09]}
0-1

[Event "DEM U10 2021"]
[Site "Willingen GER"]
[Date "2021.08.26"]
[Round "7"]
[White "Rohatgi, Kushagra"]
[Black "Böhler, Yannic"]
[Result "1-0"]
[Termination "normal"]
[Board "14"]
[WhiteElo "1473"]
[BlackElo "1150"]
[WhiteClock "00:54:19"]
[BlackClock "00:12:26"]
[PlyCount "77"]
[WhiteFideId "34603212"]
[BlackFideId "34609059"]
[EventCountry "GER"]
[EventRounds "11"]
[EventType "swiss"]
[EventDate "2021.08.22"]

1. e4 {[%clk 01:15:56]} {[%emt 00:00:03]} c5 {[%clk 01:15:57]} {[%emt
00:00:03]} 2. Nf3 {[%clk 01:16:17]} {[%emt 00:00:09]} Nc6 {[%clk 01:16:23]}
{[%emt 00:00:05]} 3. Bb5 {[%clk 01:16:22]} {[%emt 00:00:25]} a6 {[%clk
01:15:16]} {[%emt 00:01:36]} 4. Bxc6 {[%clk 01:16:39]} {[%emt 00:00:13]} dxc6
{[%clk 01:15:23]} {[%emt 00:00:23]} 5. h3 {[%clk 01:16:51]} {[%emt 00:00:18]}
Nf6 {[%clk 01:14:51]} {[%emt 00:01:02]} 6. Nc3 {[%clk 01:17:06]} {[%emt
00:00:15]} g6 {[%clk 01:13:45]} {[%emt 00:01:36]} 7. d3 {[%clk 01:17:21]}
{[%emt 00:00:15]} Bg7 {[%clk 01:14:02]} {[%emt 00:00:14]} 8. O-O {[%clk
01:17:34]} {[%emt 00:00:16]} h6 {[%clk 01:11:39]} {[%emt 00:02:52]} 9. Be3
{[%clk 01:17:31]} {[%emt 00:00:34]} b6 {[%clk 01:10:21]} {[%emt 00:01:47]} 10.
Re1 {[%clk 01:17:13]} {[%emt 00:00:49]} Nd7 {[%clk 01:08:12]} {[%emt 00:02:39]}
11. d4 {[%clk 01:15:41]} {[%emt 00:02:02]} cxd4 {[%clk 01:07:22]} {[%emt
00:01:20]} 12. Bxd4 {[%clk 01:15:41]} {[%emt 00:00:30]} e5 {[%clk 01:02:56]}
{[%emt 00:04:56]} 13. Be3 {[%clk 01:15:39]} {[%emt 00:00:33]} Qe7 {[%clk
01:00:41]} {[%emt 00:02:44]} 14. Qd2 {[%clk 01:15:40]} {[%emt 00:00:29]} c5
{[%clk 00:59:55]} {[%emt 00:01:16]} 15. Rad1 {[%clk 01:14:55]} {[%emt
00:01:16]} Bb7 {[%clk 00:57:18]} {[%emt 00:03:06]} 16. Qd6 {[%clk 01:14:22]}
{[%emt 00:01:01]} Qxd6 {[%clk 00:47:09]} {[%emt 00:10:42]} 17. Rxd6 {[%clk
01:14:16]} {[%emt 00:00:35]} b5 {[%clk 00:45:54]} {[%emt 00:01:45]} 18. Red1
{[%clk 01:14:05]} {[%emt 00:00:41]} Nf6 {[%clk 00:42:53]} {[%emt 00:03:32]} 19.
Nxe5 {[%clk 01:09:52]} {[%emt 00:04:43]} Nxe4 {[%clk 00:40:58]} {[%emt
00:02:26]} 20. Rb6 {[%clk 01:09:08]} {[%emt 00:01:13]} Nxc3 {[%clk 00:39:45]}
{[%emt 00:01:43]} 21. bxc3 {[%clk 01:08:55]} {[%emt 00:00:40]} Bxg2 {[%clk
00:39:01]} {[%emt 00:01:16]} 22. Nxg6 {[%clk 01:08:01]} {[%emt 00:01:23]} Bf3
{[%clk 00:37:14]} {[%emt 00:02:20]} 23. Re1 {[%clk 01:04:27]} {[%emt 00:04:01]}
fxg6 {[%clk 00:33:10]} {[%emt 00:04:35]} 24. Bxh6+ {[%clk 01:04:38]} {[%emt
00:00:19]} Kd7 {[%clk 00:30:15]} {[%emt 00:03:25]} 25. Bf4 {[%clk 01:00:50]}
{[%emt 00:04:18]} Rxh3 {[%clk 00:28:50]} {[%emt 00:01:55]} 26. Rd6+ {[%clk
01:00:25]} {[%emt 00:00:55]} Kc8 {[%clk 00:26:24]} {[%emt 00:02:57]} 27. Re8+
{[%clk 01:00:10]} {[%emt 00:00:44]} Kb7 {[%clk 00:26:03]} {[%emt 00:00:51]} 28.
Re7+ {[%clk 00:59:54]} {[%emt 00:00:46]} Kc8 {[%clk 00:24:41]} {[%emt
00:01:53]} 29. Re8+ {[%clk 00:59:35]} {[%emt 00:00:49]} Kb7 {[%clk 00:22:18]}
{[%emt 00:02:53]} 30. Re7+ {[%clk 00:59:04]} {[%emt 00:01:00]} Kc8 {[%emt
00:00:47]} 31. Bh2 {[%clk 00:57:28]} {[%emt 00:01:47]} Bf8 {[%clk 00:17:41]}
{[%emt 00:05:09]} 32. Re8+ {[%clk 00:57:34]} {[%emt 00:00:25]} Kb7 {[%clk
00:17:58]} {[%emt 00:00:13]} 33. Rd7+ {[%clk 00:57:23]} {[%emt 00:00:41]} Kb6
{[%clk 00:15:58]} {[%emt 00:02:30]} 34. Rxa8 {[%clk 00:54:05]} {[%emt
00:03:42]} Bxa8 {[%clk 00:15:49]} {[%emt 00:00:45]} 35. Rd8 {[%clk 00:54:06]}
{[%emt 00:00:27]} Be4 {[%clk 00:15:22]} {[%emt 00:00:59]} 36. Rxf8 {[%clk
00:54:01]} {[%emt 00:00:35]} Bxc2 {[%clk 00:15:12]} {[%emt 00:00:40]} 37. Rf6+
{[%clk 00:54:00]} {[%emt 00:00:31]} Ka5 {[%clk 00:13:42]} {[%emt 00:02:00]} 38.
Bc7+ {[%clk 00:54:07]} {[%emt 00:00:23]} Ka4 {[%clk 00:12:26]} {[%emt
00:01:45]} 39. Rxa6# {[%clk 00:54:19]} {[%emt 00:00:15]} 1-0